[Event "Ch France 2018 - Vétérans"]
[Site "?"]
[Date "2018.08.25"]
[Round "8.1"]
[White "Vareille, Francois"]
[Black "Ricter, Jean-Paul"]
[Result "1-0"]
[BlackElo "2065"]
[WhiteElo "2421"]
[LiveChessVersion "1.4.4"]

1. d4 {[%clk 1:30:50]} d6 {[%clk 1:30:48]} 2. Nf3 {[%clk 1:31:05]} Nf6
{[%clk 1:28:52]} 3. c4 {[%clk 1:31:08]} c6 {[%clk 1:21:09]} 4. Nc3
{[%clk 1:30:30]} Qc7 {[%clk 1:18:33]} 5. g3 {[%clk 1:27:12]} e5 {[%clk 1:12:15]}
6. Bg2 {[%clk 1:26:35]} Bg4 {[%clk 1:09:20]} 7. O-O {[%clk 1:26:28]} Nbd7
{[%clk 1:07:06]} 8. h3 {[%clk 1:25:03]} Bh5 {[%clk 1:02:02]} 9. Nh4
{[%clk 1:21:19]} h6 {[%clk 0:48:35]} 10. d5 {[%clk 1:16:31]} c5 {[%clk 0:46:54]}
11. Qd3 {[%clk 1:11:41]} g5 {[%clk 0:45:49]} 12. Nf5 {[%clk 1:09:59]} Bg6
{[%clk 0:45:54]} 13. e4 {[%clk 1:09:06]} Bxf5 {[%clk 0:40:40]} 14. exf5
{[%clk 1:09:01]} Be7 {[%clk 0:32:02]} 15. a3 {[%clk 1:08:05]} O-O
{[%clk 0:29:49]} 16. h4 {[%clk 1:03:53]} Nh7 {[%clk 0:27:35]} 17. Ne4
{[%clk 0:56:21]} Kh8 {[%clk 0:26:30]} 18. Qe2 {[%clk 0:49:35]} Ndf6
{[%clk 0:23:40]} 19. Nxg5 {[%clk 0:46:51]} hxg5 {[%clk 0:23:05]} 20. hxg5
{[%clk 0:46:30]} Rg8 {[%clk 0:18:12]} 21. gxf6 {[%clk 0:41:19]} Bxf6
{[%clk 0:18:40]} 22. Qh5 {[%clk 0:35:18]} Qe7 {[%clk 0:17:08]} 23. Be4
{[%clk 0:34:51]} Qf8 {[%clk 0:13:59]} 24. Kg2 {[%clk 0:33:37]} Qg7
{[%clk 0:13:15]} 25. Rh1 {[%clk 0:33:35]} Rge8 {[%clk 0:09:14]} 26. Bh6
{[%clk 0:33:28]} Qg8 {[%clk 0:08:18]} 27. Rh3 {[%clk 0:33:14]} 1-0

[Event "Ch France 2018 - Vétérans"]
[Site "?"]
[Date "2018.08.25"]
[Round "8.2"]
[White "Dijon, Frederic"]
[Black "Prie, Eric"]
[Result "0-1"]
[BlackElo "2480"]
[WhiteElo "1901"]
[LiveChessVersion "1.4.4"]

1. f4 {[%clk 1:30:51]} d5 {[%clk 1:30:48]} 2. Nf3 {[%clk 1:31:13]} Bg4
{[%clk 1:31:10]} 3. e3 {[%clk 1:30:07]} e6 {[%clk 1:30:30]} 4. b3
{[%clk 1:29:04]} Be7 {[%clk 1:25:54]} 5. Bb2 {[%clk 1:25:37]} Bf6
{[%clk 1:26:14]} 6. d4 {[%clk 1:17:27]} Nh6 {[%clk 1:19:27]} 7. Be2
{[%clk 1:16:12]} Nf5 {[%clk 1:19:24]} 8. Qd2 {[%clk 1:16:21]} c5 {[%clk 1:17:56]}
9. Bb5+ {[%clk 1:13:19]} Nc6 {[%clk 1:16:44]} 10. Ne5 {[%clk 1:07:05]} Bxe5
{[%clk 1:16:28]} 11. Bxc6+ {[%clk 1:01:54]} bxc6 {[%clk 1:16:49]} 12. dxe5
{[%clk 1:02:00]} g5 {[%clk 0:50:02]} 13. Qf2 {[%clk 0:50:41]} Bh5
{[%clk 0:46:50]} 14. Nd2 {[%clk 0:41:49]} gxf4 {[%clk 0:44:01]} 15. Qxf4
{[%clk 0:40:08]} Rg8 {[%clk 0:43:24]} 16. Qf2 {[%clk 0:26:21]} Qg5
{[%clk 0:39:59]} 17. e4 {[%clk 0:21:46]} Ne3 {[%clk 0:40:13]} 18. Nf3
{[%clk 0:19:34]} Nxg2+ {[%clk 0:39:27]} 19. Kf1 {[%clk 0:19:45]} Qf4
{[%clk 0:34:27]} 0-1

[Event "Ch France 2018 - Vétérans"]
[Site "?"]
[Date "2018.08.25"]
[Round "8.3"]
[White "Boulos, Jean"]
[Black "Vial, Patrick"]
[Result "1-0"]
[BlackElo "2139"]
[WhiteElo "1784"]
[LiveChessVersion "1.4.4"]

1. e4 {[%clk 1:30:55]} d5 {[%clk 1:30:55]} 2. exd5 {[%clk 1:31:15]} Nf6
{[%clk 1:31:21]} 3. d4 {[%clk 1:30:42]} Bg4 {[%clk 1:31:40]} 4. Be2
{[%clk 1:29:29]} Bxe2 {[%clk 1:32:04]} 5. Qxe2 {[%clk 1:29:27]} Qxd5
{[%clk 1:32:25]} 6. Nf3 {[%clk 1:29:47]} e6 {[%clk 1:31:35]} 7. O-O
{[%clk 1:29:08]} Nc6 {[%clk 1:29:41]} 8. Rd1 {[%clk 1:23:36]} O-O-O
{[%clk 1:29:24]} 9. c4 {[%clk 1:22:19]} Qh5 {[%clk 1:29:38]} 10. Nc3
{[%clk 1:22:21]} Rg8 {[%clk 1:14:11]} 11. Bf4 {[%clk 1:13:48]} Bd6
{[%clk 0:59:46]} 12. Bxd6 {[%clk 1:11:19]} Rxd6 {[%clk 1:00:10]} 13. Rd2
{[%clk 0:59:58]} Rgd8 {[%clk 0:42:16]} 14. Rad1 {[%clk 0:59:56]} g5
{[%clk 0:39:10]} 15. d5 {[%clk 0:50:22]} g4 {[%clk 0:31:21]} 16. dxc6
{[%clk 0:49:00]} gxf3 {[%clk 0:31:35]} 17. Rxd6 {[%clk 0:47:06]} Rxd6
{[%clk 0:31:31]} 18. cxb7+ {[%clk 0:47:16]} Kxb7 {[%clk 0:31:53]} 19. Qxf3+
{[%clk 0:46:54]} Qxf3 {[%clk 0:32:15]} 20. gxf3 {[%clk 0:47:09]} Rxd1+
{[%clk 0:25:46]} 21. Nxd1 {[%clk 0:47:33]} Kb6 {[%clk 0:25:49]} 22. Kf1
{[%clk 0:43:22]} Kc5 {[%clk 0:25:38]} 23. b3 {[%clk 0:40:47]} Kd4
{[%clk 0:25:54]} 24. Ke2 {[%clk 0:40:49]} Nh5 {[%clk 0:25:06]} 25. Kd2
{[%clk 0:40:26]} Nf4 {[%clk 0:24:37]} 26. Ne3 {[%clk 0:35:50]} h5
{[%clk 0:23:06]} 27. Nc2+ {[%clk 0:36:03]} Kc5 {[%clk 0:23:23]} 28. Ke3
{[%clk 0:35:52]} Ng2+ {[%clk 0:20:55]} 29. Ke4 {[%clk 0:35:06]} Kd6
{[%clk 0:20:27]} 30. f4 {[%clk 0:32:02]} f5+ {[%clk 0:20:17]} 31. Kf3
{[%clk 0:31:42]} Nh4+ {[%clk 0:20:42]} 32. Kg3 {[%clk 0:31:12]} Ng6
{[%clk 0:20:59]} 33. Nd4 {[%clk 0:31:02]} c6 {[%clk 0:19:46]} 34. b4
{[%clk 0:30:23]} a6 {[%clk 0:17:17]} 35. Nb3 {[%clk 0:28:41]} e5 {[%clk 0:15:48]}
36. fxe5+ {[%clk 0:27:42]} Kxe5 {[%clk 0:16:16]} 37. f3 {[%clk 0:25:18]} h4+
{[%clk 0:11:32]} 38. Kf2 {[%clk 0:25:07]} Nf4 {[%clk 0:11:26]} 39. a3
{[%clk 0:23:56]} Nd3+ {[%clk 0:08:07]} 40. Ke3 {[%clk 0:22:54]} Nb2
{[%clk 0:08:26]} 41. f4+ {[%clk 0:23:00]} Kd6 {[%clk 0:08:39]} 42. Kd4
{[%clk 0:22:40]} Nd1 {[%clk 0:03:30]} 43. Nc5 {[%clk 0:22:33]} Nf2
{[%clk 0:03:45]} 44. Nd3 {[%clk 0:16:24]} Nd1 {[%clk 0:26:31]} 45. a4
{[%clk 0:42:53]} h3 {[%clk 0:25:29]} 46. a5 {[%clk 0:40:26]} Ke7 {[%clk 0:22:33]}
47. b5 {[%clk 0:37:27]} cxb5 {[%clk 0:22:50]} 48. cxb5 1-0

[Event "Ch France 2018 - Vétérans"]
[Site "?"]
[Date "2018.08.25"]
[Round "8.4"]
[White "Decroix, Paloan"]
[Black "Saucey, Michel"]
[Result "0-1"]
[BlackElo "2283"]
[WhiteElo "1916"]
[LiveChessVersion "1.4.4"]

1. d4 {[%clk 1:30:58]} d5 {[%clk 1:30:24]} 2. Nf3 {[%clk 1:31:17]} e6
{[%clk 1:30:38]} 3. Bf4 {[%clk 1:30:58]} c5 {[%clk 1:30:32]} 4. c3
{[%clk 1:30:48]} Nc6 {[%clk 1:30:46]} 5. e3 {[%clk 1:30:39]} Nf6 {[%clk 1:31:09]}
6. Bd3 {[%clk 1:26:39]} Nh5 {[%clk 1:27:00]} 7. Bg5 {[%clk 1:25:29]} Qb6
{[%clk 1:27:22]} 8. b3 {[%clk 1:23:37]} h6 {[%clk 1:26:47]} 9. Bh4
{[%clk 1:23:59]} g5 {[%clk 1:26:18]} 10. Bg3 {[%clk 1:17:47]} Nxg3
{[%clk 1:26:04]} 11. hxg3 {[%clk 1:17:59]} Bg7 {[%clk 1:21:56]} 12. Nbd2
{[%clk 1:18:02]} Bd7 {[%clk 1:16:55]} 13. Rc1 {[%clk 1:18:12]} Rc8
{[%clk 1:09:27]} 14. O-O {[%clk 1:17:34]} O-O {[%clk 0:53:17]} 15. dxc5
{[%clk 1:11:59]} Qxc5 {[%clk 0:53:42]} 16. c4 {[%clk 1:12:10]} Qa5
{[%clk 0:49:30]} 17. Bb1 {[%clk 1:09:53]} Rfd8 {[%clk 0:45:24]} 18. cxd5
{[%clk 1:00:39]} exd5 {[%clk 0:45:07]} 19. Nh2 {[%clk 0:55:39]} Nb4
{[%clk 0:31:46]} 20. Rxc8 {[%clk 0:49:38]} Rxc8 {[%clk 0:31:08]} 21. a3
{[%clk 0:40:23]} Qxa3 {[%clk 0:29:29]} 22. Nc4 {[%clk 0:33:58]} Qa6
{[%clk 0:29:39]} 23. f4 {[%clk 0:32:38]} dxc4 {[%clk 0:03:05]} 24. Qxd7
{[%clk 0:31:10]} Qe6 {[%clk 0:02:45]} 25. Qxb7 {[%clk 0:28:50]} Nd5
{[%clk 0:01:03]} 26. bxc4 {[%clk 0:26:39]} Nxe3 {[%clk 0:01:25]} 27. Re1
{[%clk 0:26:15]} Bd4 {[%clk 0:01:45]} 28. Kh1 {[%clk 0:26:05]} Qc6
{[%clk 0:02:03]} 29. Qxc6 {[%clk 0:24:40]} Rxc6 {[%clk 0:02:30]} 30. Nf3
{[%clk 0:20:51]} Bb6 {[%clk 0:02:18]} 31. fxg5 {[%clk 0:12:19]} hxg5
{[%clk 0:02:43]} 32. Nxg5 {[%clk 0:12:22]} Rh6+ {[%clk 0:02:48]} 33. Nh3
{[%clk 0:12:21]} Nxc4 {[%clk 0:03:11]} 34. g4 {[%clk 0:10:06]} Ne3
{[%clk 0:03:01]} 35. g5 {[%clk 0:10:03]} Rd6 {[%clk 0:03:23]} 36. Ba2
{[%clk 0:08:53]} Rd2 {[%clk 0:02:19]} 37. Bb1 {[%clk 0:07:12]} Nxg2
{[%clk 0:02:24]} 38. Re8+ {[%clk 0:05:29]} Kg7 {[%clk 0:02:45]} 39. Be4
{[%clk 0:05:46]} Nh4 {[%clk 0:01:40]} 40. Nf4 {[%clk 0:05:54]} Rd1+
{[%clk 0:02:05]} 41. Kh2 {[%clk 0:06:02]} Bc7 {[%clk 0:02:10]} 42. Kh3
{[%clk 0:04:22]} Bxf4 {[%clk 0:29:39]} 43. Kxh4 {[%clk 0:34:30]} Rg1
{[%clk 0:27:44]} 44. g6 {[%clk 0:34:23]} Bg5+ {[%clk 0:27:42]} 45. Kh5
{[%clk 0:33:23]} fxg6+ {[%clk 0:28:07]} 46. Bxg6 {[%clk 0:33:18]} Bf6
{[%clk 0:28:19]} 47. Be4 {[%clk 0:33:23]} Rg5+ {[%clk 0:28:42]} 0-1

[Event "Ch France 2018 - Open A"]
[Site "?"]
[Date "2018.08.25"]
[Round "8.1"]
[White "Pham, Arthur"]
[Black "Llapasset, Jean-Louis"]
[Result "1-0"]
[BlackElo "2086"]
[WhiteElo "2107"]
[LiveChessVersion "1.4.4"]

1. e4 {[%clk 1:30:35]} c5 {[%clk 1:30:52]} 2. Nf3 {[%clk 1:30:44]} d6
{[%clk 1:31:16]} 3. c3 {[%clk 1:31:06]} Nf6 {[%clk 1:30:16]} 4. h3
{[%clk 1:31:16]} Bd7 {[%clk 1:29:48]} 5. Bd3 {[%clk 1:31:31]} Nc6
{[%clk 1:29:23]} 6. O-O {[%clk 1:31:03]} g6 {[%clk 1:28:59]} 7. Bc2
{[%clk 1:31:19]} Bg7 {[%clk 1:28:51]} 8. d3 {[%clk 1:31:09]} O-O {[%clk 1:29:03]}
9. Re1 {[%clk 1:30:50]} e5 {[%clk 1:27:49]} 10. Nbd2 {[%clk 1:27:09]} b5
{[%clk 1:24:56]} 11. Nf1 {[%clk 1:27:12]} Nh5 {[%clk 1:24:29]} 12. Bb3
{[%clk 1:18:33]} h6 {[%clk 1:15:42]} 13. Be3 {[%clk 1:15:46]} Kh7
{[%clk 1:14:47]} 14. d4 {[%clk 1:09:56]} c4 {[%clk 1:14:44]} 15. Bc2
{[%clk 1:10:07]} Qe7 {[%clk 1:04:18]} 16. Qd2 {[%clk 1:02:17]} Rfd8
{[%clk 0:55:47]} 17. g4 {[%clk 0:54:08]} Nf6 {[%clk 0:56:03]} 18. Ng3
{[%clk 0:54:15]} Ng8 {[%clk 0:50:56]} 19. d5 {[%clk 0:51:16]} Nb8
{[%clk 0:50:57]} 20. b3 {[%clk 0:47:16]} Rc8 {[%clk 0:50:43]} 21. Reb1
{[%clk 0:41:39]} a6 {[%clk 0:37:51]} 22. a4 {[%clk 0:34:23]} cxb3
{[%clk 0:36:36]} 23. Rxb3 {[%clk 0:33:31]} bxa4 {[%clk 0:36:37]} 24. Rb6
{[%clk 0:28:35]} Bb5 {[%clk 0:36:29]} 25. Bxa4 {[%clk 0:27:18]} Nd7
{[%clk 0:34:44]} 26. Rb7 {[%clk 0:27:41]} Bxa4 {[%clk 0:34:16]} 27. Rxa4
{[%clk 0:28:05]} Qe8 {[%clk 0:33:25]} 28. Qa2 {[%clk 0:20:52]} Rxc3
{[%clk 0:32:15]} 29. Rxa6 {[%clk 0:20:16]} Rxa6 {[%clk 0:32:38]} 30. Qxa6
{[%clk 0:20:43]} Rxe3 {[%clk 0:32:45]} 31. fxe3 {[%clk 0:21:03]} Nc5
{[%clk 0:33:07]} 32. Qc6 {[%clk 0:21:29]} Qa8 {[%clk 0:31:53]} 33. Rxf7
{[%clk 0:20:15]} Qb8 {[%clk 0:24:54]} 34. Qc7 {[%clk 0:17:31]} Qxc7
{[%clk 0:25:19]} 35. Rxc7 {[%clk 0:17:58]} Nf6 {[%clk 0:25:40]} 36. Nxe5
{[%clk 0:18:05]} Ne8 {[%clk 0:25:30]} 37. Re7 {[%clk 0:18:03]} Nf6
{[%clk 0:25:24]} 38. Nc4 {[%clk 0:18:19]} Kg8 {[%clk 0:24:56]} 39. Rc7
{[%clk 0:17:20]} Ncxe4 {[%clk 0:24:40]} 40. Nxe4 {[%clk 0:17:24]} Nxe4
{[%clk 0:25:03]} 41. Re7 {[%clk 0:17:31]} Nc3 {[%clk 0:24:41]} 42. e4
{[%clk 0:17:22]} 1-0

[Event "Ch France 2018 - Open A"]
[Site "?"]
[Date "2018.08.25"]
[Round "8.3"]
[White "Lux, Hugo De Melo"]
[Black "Poulet, Benoit"]
[Result "1-0"]
[BlackElo "1965"]
[WhiteElo "2147"]
[LiveChessVersion "1.4.4"]

1. e4 {[%clk 1:30:58]} c5 {[%clk 1:30:55]} 2. Nc3 {[%clk 1:30:57]} Nc6
{[%clk 1:31:19]} 3. f4 {[%clk 1:30:58]} g6 {[%clk 1:31:31]} 4. Bb5
{[%clk 1:30:21]} Bg7 {[%clk 1:31:30]} 5. Bxc6 {[%clk 1:30:37]} dxc6
{[%clk 1:31:15]} 6. Nf3 {[%clk 1:30:54]} Nf6 {[%clk 1:31:24]} 7. O-O
{[%clk 1:30:59]} O-O {[%clk 1:31:26]} 8. d3 {[%clk 1:30:57]} b6 {[%clk 1:30:43]}
9. Qe1 {[%clk 1:31:09]} Qc7 {[%clk 1:30:04]} 10. Qh4 {[%clk 1:30:19]} a5
{[%clk 1:25:41]} 11. f5 {[%clk 1:21:09]} gxf5 {[%clk 0:56:36]} 12. Bh6
{[%clk 1:03:47]} Ne8 {[%clk 0:56:36]} 13. Rae1 {[%clk 1:03:47]} f6
{[%clk 0:56:36]} 14. e5 {[%clk 1:03:47]} e6 {[%clk 0:56:36]} 15. Bf4
{[%clk 1:03:47]} Qe7 {[%clk 0:56:36]} 16. Qg3 {[%clk 1:03:47]} Kh8
{[%clk 0:56:36]} 17. exf6 {[%clk 1:03:47]} Bxf6 {[%clk 0:56:36]} 18. Ne5
{[%clk 1:03:47]} Bd7 {[%clk 0:56:36]} 19. Qe3 {[%clk 1:03:47]} Ng7
{[%clk 0:56:36]} 20. Qh3 {[%clk 1:03:47]} Be8 {[%clk 0:56:36]} 21. Nc4
{[%clk 1:03:47]} Qd8 {[%clk 0:56:36]} 22. Kh1 {[%clk 1:03:47]} a4
{[%clk 0:56:36]} 23. a3 {[%clk 0:13:45]} Ra7 {[%clk 0:18:43]} 24. Be5
{[%clk 0:09:55]} b5 {[%clk 0:11:56]} 25. Bxf6 {[%clk 0:10:14]} Qxf6
{[%clk 0:12:18]} 26. Ne5 {[%clk 0:10:40]} Rg8 {[%clk 0:10:40]} 27. Qe3
{[%clk 0:06:10]} Qf8 {[%clk 0:06:27]} 28. Ne2 {[%clk 0:06:15]} Nh5
{[%clk 0:05:56]} 29. Nf4 {[%clk 0:05:31]} Nxf4 {[%clk 0:02:45]} 30. Rxf4
{[%clk 0:04:51]} Rag7 {[%clk 0:03:06]} 31. g3 {[%clk 0:05:16]} Qd6
{[%clk 0:03:29]} 32. Kg1 {[%clk 0:04:39]} Qd5 {[%clk 0:03:12]} 33. Kf2
{[%clk 0:02:38]} Rc7 {[%clk 0:02:38]} 34. Rh4 {[%clk 0:02:35]} Rgg7
{[%clk 0:02:35]} 1-0

[Event "Ch France 2018 - Open A"]
[Site "?"]
[Date "2018.08.25"]
[Round "8.4"]
[White "Pupier, Terry"]
[Black "Giacomini, Hector"]
[Result "0-1"]
[BlackElo "2196"]
[WhiteElo "2068"]
[LiveChessVersion "1.4.4"]

1. e4 {[%clk 1:30:55]} e6 {[%clk 1:30:51]} 2. b3 {[%clk 1:27:56]} d5
{[%clk 1:31:02]} 3. Bb2 {[%clk 1:28:17]} dxe4 {[%clk 1:31:19]} 4. Nc3
{[%clk 1:28:40]} Nf6 {[%clk 1:31:34]} 5. Qe2 {[%clk 1:28:48]} Be7
{[%clk 1:31:44]} 6. Nxe4 {[%clk 1:23:28]} O-O {[%clk 1:31:57]} 7. Nf3
{[%clk 1:22:36]} b6 {[%clk 1:31:34]} 8. d4 {[%clk 1:18:45]} Bb7 {[%clk 1:30:43]}
9. Nxf6+ {[%clk 1:16:12]} Bxf6 {[%clk 1:31:06]} 10. Ne5 {[%clk 1:13:55]} c5
{[%clk 1:24:13]} 11. dxc5 {[%clk 1:07:40]} Nc6 {[%clk 1:16:45]} 12. Rd1
{[%clk 0:40:46]} Qc7 {[%clk 0:56:03]} 13. Nc4 {[%clk 0:36:07]} Bxb2
{[%clk 0:54:54]} 14. Nxb2 {[%clk 0:36:32]} Rfd8 {[%clk 0:51:16]} 15. c3
{[%clk 0:34:13]} bxc5 {[%clk 0:50:19]} 16. Nc4 {[%clk 0:30:38]} Ba6
{[%clk 0:47:17]} 17. Rxd8+ {[%clk 0:26:56]} Rxd8 {[%clk 0:47:42]} 18. Qe3
{[%clk 0:26:42]} Na5 {[%clk 0:39:22]} 19. Nb2 {[%clk 0:24:51]} Rd5
{[%clk 0:35:53]} 20. f4 {[%clk 0:24:32]} Bxf1 {[%clk 0:34:07]} 21. Rxf1
{[%clk 0:23:55]} Nc6 {[%clk 0:30:37]} 22. Rf2 {[%clk 0:19:44]} Ne7
{[%clk 0:29:13]} 23. Nc4 {[%clk 0:15:16]} g6 {[%clk 0:23:58]} 24. Qf3
{[%clk 0:14:15]} Qd8 {[%clk 0:19:49]} 25. Rd2 {[%clk 0:13:46]} Rxd2
{[%clk 0:20:05]} 26. Nxd2 {[%clk 0:14:12]} Qa5 {[%clk 0:20:15]} 27. a4
{[%clk 0:13:29]} Nd5 {[%clk 0:18:36]} 28. c4 {[%clk 0:13:15]} Nb4
{[%clk 0:17:17]} 29. Qa8+ {[%clk 0:12:01]} Kg7 {[%clk 0:17:39]} 30. Qe4
{[%clk 0:12:14]} Qd8 {[%clk 0:12:09]} 31. Ke2 {[%clk 0:11:56]} Kg8
{[%clk 0:11:52]} 32. g3 {[%clk 0:10:29]} h5 {[%clk 0:11:21]} 33. Qe3
{[%clk 0:08:36]} Qc7 {[%clk 0:04:48]} 34. Ne4 {[%clk 0:07:11]} Na6
{[%clk 0:02:41]} 35. Qc3 {[%clk 0:07:03]} Qb7 {[%clk 0:02:20]} 36. Nf6+
{[%clk 0:03:40]} Kf8 {[%clk 0:02:35]} 37. Qf3 {[%clk 0:02:49]} Qxf3+
{[%clk 0:02:02]} 38. Kxf3 {[%clk 0:03:10]} Ke7 {[%clk 0:02:20]} 39. Ne4
{[%clk 0:03:20]} Kd7 {[%clk 0:01:46]} 40. Ke3 {[%clk 0:03:17]} f5
{[%clk 0:01:45]} 41. Nd2 {[%clk 0:01:36]} Nb8 {[%clk 0:22:38]} 42. Nf3
{[%clk 0:28:13]} Nc6 {[%clk 0:22:38]} 43. Kd3 {[%clk 0:07:35]} e5
{[%clk 0:19:32]} 44. Nh4 {[%clk 0:04:57]} Ne7 {[%clk 0:16:53]} 45. a5
{[%clk 0:03:09]} e4+ {[%clk 0:14:45]} 46. Kc3 {[%clk 0:03:27]} Kc6
{[%clk 0:14:10]} 47. Ng2 {[%clk 0:02:40]} Ng8 {[%clk 0:13:28]} 48. Nh4
{[%clk 0:02:12]} Ne7 {[%clk 0:13:52]} 49. Ng2 {[%clk 0:02:23]} Kb7
{[%clk 0:10:33]} 50. b4 {[%clk 0:02:39]} Ka6 {[%clk 0:10:39]} 51. bxc5
{[%clk 0:02:36]} Kxa5 {[%clk 0:11:02]} 52. Kd4 {[%clk 0:02:10]} Kb4
{[%clk 0:10:41]} 53. Ne3 {[%clk 0:02:33]} Kb3 {[%clk 0:10:38]} 54. c6
{[%clk 0:01:59]} Nxc6+ 55. Kc5 {[%clk 0:02:24]} Nb4 {[%clk 0:10:09]} 56. Kb5
{[%clk 0:01:54]} Kc3 {[%clk 0:08:00]} 57. c5 {[%clk 0:01:28]} a6+
{[%clk 0:06:40]} 58. Ka5 {[%clk 0:01:34]} Nc6+ {[%clk 0:06:28]} 59. Kb6
{[%clk 0:01:37]} Nd4 {[%clk 0:05:34]} 60. Nd5+ {[%clk 0:01:19]} Kd2
{[%clk 0:05:55]} 61. Nb4 e3 {[%clk 0:05:55]} 0-1

[Event "Ch France 2018 - Open C"]
[Site "?"]
[Date "2018.08.25"]
[Round "8.2"]
[White "Vette, Valerie"]
[Black "Piat, Jean-Pascal"]
[Result "0-1"]
[BlackElo "1711"]
[WhiteElo "1683"]
[LiveChessVersion "1.4.8"]

1. e4 {[%clk 1:30:57]} d5 {[%clk 1:22:22]} 2. exd5 {[%clk 1:31:20]} Qxd5
{[%clk 1:20:40]} 3. Nc3 Qd6 {[%clk 1:20:51]} 4. d4 {[%clk 1:30:54]} Nf6
{[%clk 1:20:12]} 5. Nf3 {[%clk 1:27:22]} a6 {[%clk 1:18:36]} 6. Bc4
{[%clk 1:11:05]} b5 {[%clk 1:06:16]} 7. Bb3 {[%clk 1:03:58]} Bb7 {[%clk 0:59:38]}
8. Qd3 {[%clk 0:52:40]} e6 {[%clk 0:47:44]} 9. a4 {[%clk 0:46:35]} b4
{[%clk 0:41:06]} 10. Ne2 {[%clk 0:46:08]} Be4 {[%clk 0:40:20]} 11. Qe3
{[%clk 0:39:49]} Be7 {[%clk 0:29:53]} 12. c4 {[%clk 0:31:39]} c5 {[%clk 0:24:34]}
13. g4 {[%clk 0:13:45]} cxd4 {[%clk 0:12:11]} 14. Nexd4 {[%clk 0:12:09]} Nc6
{[%clk 0:10:19]} 15. Rg1 {[%clk 0:10:02]} Nxd4 {[%clk 0:08:54]} 16. Nxd4
{[%clk 0:09:36]} Qxh2 {[%clk 0:08:46]} 17. f3 {[%clk 0:07:34]} Qh4+
{[%clk 0:07:42]} 18. Kf1 {[%clk 0:06:13]} Bb7 {[%clk 0:05:59]} 19. Qe5
{[%clk 0:05:25]} Qh3+ {[%clk 0:05:04]} 20. Ke2 {[%clk 0:04:30]} Rc8
{[%clk 0:04:06]} 21. Be3 {[%clk 0:04:14]} Bc5 {[%clk 0:04:00]} 22. Nxe6
{[%clk 0:04:02]} Qxf3+ {[%clk 0:03:50]} 23. Kd2 {[%clk 0:01:50]} Ne4+
{[%clk 0:02:52]} 24. Kc2 {[%clk 0:01:55]} Qe2+ {[%clk 0:02:41]} 25. Kb1
{[%clk 0:02:15]} Nd2+ {[%clk 0:01:17]} 26. Ka2 {[%clk 0:02:23]} Qxe3
{[%clk 0:00:50]} 27. Nxg7+ {[%clk 0:02:48]} Kf8 {[%clk 0:00:54]} 28. Ne6+
{[%clk 0:03:09]} Ke7 29. Qxe3 {[%clk 0:01:07]} Bxe3 {[%clk 0:00:54]} 30. Rge1
{[%clk 0:00:53]} Nxb3 {[%clk 0:01:16]} 31. Kxb3 {[%clk 0:01:14]} fxe6
{[%clk 0:00:33]} 32. Rxe3 {[%clk 0:01:38]} Rhg8 {[%clk 0:00:41]} 33. Rae1
{[%clk 0:01:30]} Rg6 {[%clk 0:00:56]} 34. Kxb4 {[%clk 0:01:42]} Rd8
{[%clk 0:00:54]} 35. Rh3 {[%clk 0:01:37]} h6 {[%clk 0:00:53]} 36. Rhe3
{[%clk 0:00:55]} Rd4 {[%clk 0:01:07]} 37. b3 {[%clk 0:00:50]} Rdxg4
{[%clk 0:00:50]} 38. Ka5 {[%clk 0:00:40]} h5 {[%clk 0:00:32]} 39. Kb6
{[%clk 0:00:50]} Bc8 {[%clk 0:00:51]} 40. Kc7 {[%clk 0:01:12]} Bd7
{[%clk 0:00:56]} 41. c5 {[%clk 0:29:31]} Rg8 {[%clk 0:29:10]} 42. Kb6
{[%clk 0:22:42]} Rb4+ {[%clk 0:28:31]} 43. Ka5 {[%clk 0:22:31]} Rgg4
{[%clk 0:19:09]} 44. c6 {[%clk 0:20:26]} Bc8 {[%clk 0:18:55]} 45. Rc1
{[%clk 0:18:41]} Rb8 {[%clk 0:16:38]} 46. Re5 {[%clk 0:16:16]} Kd6
{[%clk 0:16:28]} 47. Rxh5 {[%clk 0:14:45]} Rxb3 {[%clk 0:14:24]} 48. Rd1+
{[%clk 0:13:20]} Kxc6 {[%clk 0:09:59]} 49. Rc1+ {[%clk 0:10:57]} Kb7
{[%clk 0:09:59]} 50. Rhc5 {[%clk 0:10:26]} Rg8 {[%clk 0:07:52]} 51. Rc7+
{[%clk 0:08:54]} Kb8 {[%clk 0:08:04]} 52. R1c5 {[%clk 0:08:26]} Re8 53. Rb7+ Rxb7
0-1

[Event "Ch France 2018"]
[Site "?"]
[Date "2018.08.26"]
[Round "9.1"]
[White "Gharamian, Tigran"]
[Black "Bacrot, Etienne"]
[Result "1/2-1/2"]
[BlackElo "2699"]
[WhiteElo "2614"]
[LiveChessVersion "1.4.8"]

1. e4 {[%clk 1:30:56]} c5 {[%clk 1:26:23]} 2. Nf3 {[%clk 1:31:13]} e6
{[%clk 1:26:40]} 3. d4 {[%clk 1:31:36]} cxd4 {[%clk 1:27:04]} 4. Nxd4
{[%clk 1:32:02]} a6 {[%clk 1:27:29]} 5. Bd3 {[%clk 1:32:08]} Qb6 {[%clk 1:27:51]}
6. c3 {[%clk 1:29:10]} Qc7 {[%clk 1:22:19]} 7. O-O {[%clk 1:24:18]} d6
{[%clk 1:20:31]} 8. f4 {[%clk 1:18:56]} Nd7 {[%clk 1:20:00]} 9. Qe2
{[%clk 1:13:09]} Ngf6 {[%clk 1:08:08]} 10. Kh1 {[%clk 1:06:05]} b6
{[%clk 0:58:37]} 11. c4 {[%clk 1:00:01]} Bb7 {[%clk 0:57:39]} 12. Nc3
{[%clk 0:59:36]} Be7 {[%clk 0:55:18]} 13. f5 {[%clk 0:57:26]} e5 {[%clk 0:53:12]}
14. Nc2 {[%clk 0:56:28]} h6 {[%clk 0:49:45]} 15. Be3 {[%clk 0:54:28]} Nc5
{[%clk 0:46:19]} 16. Bxc5 {[%clk 0:52:58]} Qxc5 {[%clk 0:45:29]} 17. b4
{[%clk 0:47:41]} Qc7 {[%clk 0:42:38]} 18. Ne3 {[%clk 0:47:11]} O-O
{[%clk 0:37:48]} 19. Ncd5 {[%clk 0:44:54]} Qd8 {[%clk 0:33:00]} 20. Nxf6+
{[%clk 0:40:14]} Bxf6 {[%clk 0:33:18]} 21. Nd5 {[%clk 0:40:33]} Bxd5
{[%clk 0:24:09]} 1/2-1/2

[Event "Ch France 2018"]
[Site "?"]
[Date "2018.08.26"]
[Round "9.3"]
[White "Bauer, Christian"]
[Black "Edouard, Romain"]
[Result "1/2-1/2"]
[BlackElo "2638"]
[WhiteElo "2636"]
[LiveChessVersion "1.4.8"]

1. e4 {[%clk 1:25:00]} c5 {[%clk 1:30:48]} 2. Nc3 {[%clk 1:25:24]} g6
{[%clk 1:30:23]} 3. h4 {[%clk 1:25:27]} h5 {[%clk 1:27:39]} 4. d4
{[%clk 1:21:24]} cxd4 {[%clk 1:27:19]} 5. Qxd4 {[%clk 1:21:53]} Nf6
{[%clk 1:27:42]} 6. Bg5 {[%clk 1:20:30]} Nc6 {[%clk 1:25:58]} 7. Qd2
{[%clk 1:20:44]} Bg7 {[%clk 1:26:12]} 8. O-O-O {[%clk 1:18:11]} d6
{[%clk 1:25:55]} 9. f3 {[%clk 1:18:03]} Qa5 {[%clk 1:16:20]} 10. Kb1
{[%clk 1:13:10]} Nh7 {[%clk 1:05:42]} 11. Nd5 {[%clk 1:06:11]} Nxg5
{[%clk 1:03:53]} 12. hxg5 {[%clk 1:02:10]} Qxd2 {[%clk 1:03:58]} 13. Rxd2
{[%clk 1:02:39]} Rb8 {[%clk 1:03:19]} 14. f4 {[%clk 0:58:09]} a6 {[%clk 0:46:16]}
15. Nb6 {[%clk 0:51:32]} Bd4 {[%clk 0:44:38]} 16. Nxc8 {[%clk 0:51:59]} Rxc8
{[%clk 0:45:00]} 1/2-1/2